Statistics for Croatia Euro Squad 2016

Click here to take the quiz!

General Stats

  • This quiz has been taken 115 times
  • The average score is 17 of 23

Answer Stats

Number Post Player Club % Correct
10MFLuka ModricReal Madrid
99%
17STMario MandzukicJuventus
96%
7MFIvan RakiticFC Barcelona
95%
23GKDanijel SubasicAS Monaco
94%
4MFIvan PerisicInter Milan
92%
11DFDarijo SrnaShakhtar Donetsk
91%
8MFMateo KovacicReal Madrid
89%
5DFVedran CorlukaLokomotiv Moscow
87%
14MFMarcelo BrozovicInter Milan
85%
16STNikola KalinicFiorentina
84%
12GKLovre KalinicHajduk Split
84%
21DFDomagoj VidaDynamo Kiev
83%
19MFMilan BadeljFiorentina
75%
2DFSime VrsaljkoSassuolo
75%
9STAndrej KramaricHoffenheim
73%
3DFIvan StrinicNapoli
70%
6DFTin JedvajBayer Leverkusen
69%
20STMarko PjacaDinamo Zagreb
62%
15MFMarko RogDinamo Zagreb
47%
18MFAnte CoricDinamo Zagreb
39%
22STDuje CopDinamo Zagreb
39%
1GKIvan VargicRijeka
37%
13DFGordon SchilenfeldDinamo Zagreb
5%

Score Distribution

Percentile by Number Answered

Percent of People with Each Score

Your Score History

You have not taken this quiz